000 00558nam a2200205Ia 4500
005 20250923144848.0
008 008 250917s9999 xx 000 0 eng d
037 _aTextual
040 _aDSWL
_beng
_cDSWL
041 _aeng
_2eng
084 _aY:4:6, K3
_qDSWL
100 _aFink, A.E.
_9829183
245 4 _aThe field of social work
_cby A.E. Fink
260 _aNew York
_bYork Holt, Rinehart and
_c1963
300 _a560p.
365 _aINR
_b5.75
925 _g5.75
942 _cTEXL
_hY:4:6, K3
999 _c1444298
_d1444298